Statistiques concernant Les 10 villes marocaines les plus peuplées

Cliquez ici pour prendre le quiz!

Statistiques générales

  • Ce quiz a été pris 949 fois
  • Le résultat moyen est 3 sur 10

Statistiques - réponses

HintRéponse% Correct
4 270 750Casablanca
84%
1 330 468Marrakech
31%
2 134 533Rabat
29%
1 065 601Tanger
24%
551 767Oujda
20%
1 150 131Fès
19%
577 293Kénitra
16%
1 141 717Agadir
15%
835 695Meknès
15%
590 684Tétouan
14%

Distribution des résultats

Percentile par nombre de réponses

% des personnes avec chaque résultat

Votre développement - résultats

Vous n’avez pas pris ce quiz